000 00716nam a2200241 i 4500
001 000031652
003 DO-SdBNP
005 20240307073948.0
006 a||||gr|||| 00| 0
007 ta
008 110629s1987 000 spa d
040 _aDO-SdBNP
_bspa
_cBNPHU
_erda
082 _bU58e
110 1 _aUniversidad Autónoma de Santo Domingo
_972951
245 1 0 _aEstatutos :
_bFundación universidad primada (FUP). /
264 _aSanto Domingo :
_bEditora Universitaria - UASD,
_c1987.
300 _a31 páginas ;
_c22 cm.
336 _2rdacontent
_atexto
_btxt
337 _2rdamedia
_asin mediación
_bnc
338 _2rdacarrier
_avolumen
_bnc
590 _aInventariado 2023 / MF
942 _2ddc
_cLF2
999 _c31144
_d31144